[Event "SR 2. liga A 2016/2017"]
[Site "?"]
[Date "2018.03.17"]
[Round "10.2"]
[White "Ujhelyi, Matus"]
[Black "Manak, Jozef"]
[Result "0-1"]
[WhiteElo "1884"]
[BlackElo "1958"]
[PlyCount "78"]
[EventDate "2017.??.??"]
[WhiteTeam "SK Senec"]
[BlackTeam "SK Lowe Piestany"]

1. e4 c5 2. Nc3 d6 3. g3 Nc6 4. Bg2 g6 5. d3 Bg7 6. f4 e6 7. Nf3 Nge7 8. O-O
O-O 9. Qe1 Nd4 10. Ne2 Nxc2 11. Qf2 Nxa1 12. Nc3 Qa5 13. g4 f5 14. gxf5 exf5
15. e5 d5 16. Qh4 Re8 17. Bd2 Qa6 18. Rxa1 h6 19. d4 c4 20. b3 cxb3 21. Bf1 Qe6
22. Nb5 b2 23. Rb1 Qd7 24. Nd6 Rf8 25. Rxb2 a6 26. Bb4 Nc6 27. Bc5 b5 28. Qg3
Kh7 29. Nh4 Qe6 30. Rg2 Rg8 31. Bd3 Ne7 32. Nxc8 Raxc8 33. Bxe7 Qxe7 34. Qxg6+
Kh8 35. Bxf5 Rc1+ 36. Kf2 Qxh4+ 37. Ke2 Qe1+ 38. Kf3 Rc3+ 39. Bd3 Qf1+ 0-1

[Event "SR 2. liga A 2016/2017"]
[Site "?"]
[Date "2018.03.17"]
[Round "10.2"]
[White "Manak, Adrian"]
[Black "Cibik, Jan"]
[Result "1/2-1/2"]
[WhiteElo "1954"]
[BlackElo "1872"]
[PlyCount "80"]
[EventDate "2017.??.??"]
[WhiteTeam "SK Lowe Piestany"]
[BlackTeam "SK Senec"]

1. e4 e5 2. Nc3 Nf6 3. f4 d6 4. Nf3 exf4 5. Bc4 Be6 $11 6. Bxe6 fxe6 7. d4 Nh5
8. O-O g6 9. Ne1 e5 10. d5 Bg7 11. Qe2 a6 12. b4 O-O 13. b5 Nf6 14. a4 b6 15.
bxa6 Nxa6 16. Ba3 Qd7 17. Qc4 Ng4 18. Nd1 Rfb8 19. Rb1 Nc5 20. Bxc5 bxc5 21.
Rxb8+ Rxb8 22. c3 Ra8 23. Qb5 Qxb5 24. axb5 Ra4 25. h3 Nf6 26. Nb2 Rxe4 27. c4
Re3 28. Nf3 h6 29. Ra1 Kf7 30. Ra7 Rb3 31. Rxc7+ Kf8 32. Na4 e4 33. Nd2 Ra3 34.
b6 Rxa4 35. b7 Rb4 36. Rc8+ Kf7 37. Rc7+ Kf8 38. Rc8+ Kf7 39. Rc7+ Kf8 40. Rc8+
Kf7 1/2-1/2

[Event "SR 2. liga A 2016/2017"]
[Site "?"]
[Date "2018.03.17"]
[Round "10.2"]
[White "Meszaros, Laszlo"]
[Black "Slaba, Andrea"]
[Result "0-1"]
[WhiteElo "1622"]
[BlackElo "1905"]
[PlyCount "148"]
[EventDate "2017.??.??"]
[WhiteTeam "SK Senec"]
[BlackTeam "SK Lowe Piestany"]

1. e4 b6 2. d4 Bb7 3. Nc3 e6 4. a3 Nf6 5. Bd3 d5 6. e5 Nfd7 7. Nce2 c5 8. c3
Ba6 9. Bxa6 Nxa6 10. Nf3 Be7 11. O-O Qc7 12. Be3 Nab8 13. Rc1 c4 14. Ng3 g6 15.
Qd2 Nc6 16. Rfe1 Na5 17. Qc2 Nb3 18. Rb1 Nb8 19. Nd2 Nxd2 20. Qxd2 Nc6 21. Bg5
Bxg5 22. Qxg5 Qe7 23. Qxe7+ Kxe7 24. Re3 Rhb8 25. b3 cxb3 26. Rxb3 Na5 27. Rb4
Nc4 28. Rf3 Nxa3 29. Ne2 Nc4 30. Rh3 h5 31. f4 b5 32. Nc1 a5 33. Rb1 Nd2 34.
Rb2 Ne4 35. Ne2 a4 36. Rf3 a3 37. Ra2 b4 38. cxb4 Rxb4 39. h3 Rb2 40. Raxa3
Rxa3 41. Rxa3 Rxe2 42. Ra7+ Kf8 43. Ra3 Re1+ 44. Kh2 Rf1 45. g3 Rf2+ 46. Kg1
Rd2 47. Rf3 Rxd4 48. g4 hxg4 49. hxg4 Nd2 50. Rf2 Nc4 51. Rf3 Nxe5 52. fxe5
Rxg4+ 53. Kf2 Re4 54. Ra3 Rxe5 55. Kf3 Rh5 56. Ra8+ Kg7 57. Ra7 Kf6 58. Ra6 Ke5
59. Ra5 f5 60. Rb5 g5 61. Kg3 g4 62. Ra5 Rh3+ 63. Kg2 Rb3 64. Rc5 Ke4 65. Ra5
e5 66. Ra2 d4 67. Kf2 f4 68. Ke2 f3+ 69. Kf2 Kf4 70. Ra1 g3+ 71. Kf1 e4 72. Kg1
Rb6 73. Kh1 g2+ 74. Kg1 Kg3 0-1

[Event "SR 2. liga A 2016/2017"]
[Site "?"]
[Date "2018.03.17"]
[Round "10.3"]
[White "Jablonicky, Martin"]
[Black "Lintner, Igor"]
[Result "1-0"]
[WhiteElo "2338"]
[BlackElo "2221"]
[PlyCount "83"]
[EventDate "2017.??.??"]
[WhiteTeam "SK Osuske B"]
[BlackTeam "SK Doprastav Bratislava B"]

1. Nf3 Nf6 2. d4 e6 3. c4 Bb4+ 4. Nbd2 O-O 5. a3 Bxd2+ 6. Qxd2 d6 7. g3 Nc6 8.
Bg2 e5 9. dxe5 dxe5 10. O-O Qxd2 11. Bxd2 Be6 12. Bc3 Ne4 13. Bxe5 Nxe5 14.
Nxe5 Nd2 15. Rfd1 Nb3 16. Rab1 f6 17. Nd7 Rf7 18. Bxb7 Re8 19. Bc6 Ree7 20. Nb8
Rf8 21. Na6 Bxc4 22. e3 Re6 23. Nb4 a5 24. Bd5 Bxd5 25. Nxd5 c6 26. Rd3 Rb8 27.
Nf4 Re7 28. Rbd1 Kf7 29. Rc3 Rb6 30. Rd6 Reb7 31. Rdxc6 Rxc6 32. Rxc6 Nd2 33.
b4 axb4 34. axb4 Rxb4 35. Rc7+ Kg8 36. Ne6 Rg4 37. Kg2 f5 38. Nf4 g5 39. h3
gxf4 40. hxg4 f3+ 41. Kh3 Ne4 42. Rc2 1-0

[Event "SR 2. liga A 2016/2017"]
[Site "?"]
[Date "2018.03.17"]
[Round "10.3"]
[White "Bednar, Jan"]
[Black "Karas, Marek"]
[Result "0-1"]
[WhiteElo "2015"]
[BlackElo "2200"]
[PlyCount "110"]
[EventDate "2017.??.??"]
[WhiteTeam "SK Doprastav Bratislava B"]
[BlackTeam "SK Osuske B"]

1. e4 e6 2. d4 d5 3. Nd2 c5 4. exd5 Qxd5 5. Ngf3 cxd4 6. Bc4 Qd7 7. O-O Nc6 8.
Nb3 Nf6 9. Nbxd4 Nxd4 10. Nxd4 a6 11. Re1 Bc5 12. Be3 Qc7 13. Bb3 Bd7 14. Qf3
O-O-O 15. Rad1 e5 16. Nf5 e4 17. Qh3 Bxe3 18. Rxe3 Kb8 19. c3 g6 20. Qh4 Qe5
21. Nd4 Ng4 22. Qg3 Qxg3 23. Rxg3 f5 24. h3 Ne5 25. Re3 Nc6 26. f3 Nxd4 27.
Rxd4 Bc6 28. Rxd8+ Rxd8 29. fxe4 Bxe4 30. Re2 Kc7 31. Bc2 Bc6 32. b3 Rd7 33.
Kf2 f4 34. Be4 Bxe4 35. Rxe4 Rd2+ 36. Kf3 Rxa2 37. Rxf4 Rc2 38. Rc4+ Kd6 39. h4
b5 40. Rd4+ Kc6 41. Rd3 a5 42. g4 a4 43. bxa4 bxa4 44. Kf4 a3 45. Rd8 Kb5 46.
h5 gxh5 47. gxh5 Rxc3 48. Kg5 Rc5+ 49. Kh6 Kb4 50. Rb8+ Ka4 51. Rb1 a2 52. Rh1
Rb5 53. Re1 Ra5 54. Rh1 Rc5 55. Kg7 Rxh5 0-1

[Event "SR 2. liga A 2016/2017"]
[Site "?"]
[Date "2018.03.17"]
[Round "10.3"]
[White "Jozefek, Michal"]
[Black "Sosovicka, Jakub"]
[Result "1/2-1/2"]
[WhiteElo "2204"]
[BlackElo "2094"]
[PlyCount "109"]
[EventDate "2017.??.??"]
[WhiteTeam "SK Osuske B"]
[BlackTeam "SK Doprastav Bratislava B"]

1. d4 d5 2. c4 e6 3. Nc3 Be7 4. cxd5 exd5 5. Bf4 c6 6. e3 Bf5 7. Bd3 Bxd3 8.
Qxd3 Nf6 9. Nf3 O-O 10. h3 Nbd7 11. O-O Re8 12. Rab1 a5 13. Rbc1 Nf8 14. Rc2
Ng6 15. Bh2 Bf8 16. Nd2 a4 17. Rfc1 Qd7 18. Ne2 Nh4 19. Be5 Qe7 20. Ng3 Nd7 21.
e4 Nxe5 22. dxe5 Qxe5 23. exd5 Qxd5 24. Qxd5 cxd5 25. Ndf1 Rad8 26. Rd1 Bb4 27.
Rd4 Be7 28. Ne3 Bg5 29. Nxd5 Re5 30. Rc5 Kf8 31. f4 Re1+ 32. Kf2 Be7 33. Rb5
Rc1 34. Ne4 Rc2+ 35. Rd2 Rxd2+ 36. Nxd2 Nf5 37. Nxe7 Nxe7 38. Ne4 Rd7 39. Nc3
Nc6 40. Ke3 Nd4 41. Rd5 Rxd5 42. Nxd5 Nf5+ 43. Kd3 h5 44. Kc4 Ke8 45. g4 hxg4
46. hxg4 Nh4 47. Kc5 Kd7 48. Kb6 Ng2 49. Kxb7 Kd6 50. Nc3 a3 51. bxa3 Kc5 52.
Ne2 Kb5 53. Kc7 f6 54. g5 Nxf4 55. Nxf4 1/2-1/2

[Event "SR 2. liga A 2016/2017"]
[Site "?"]
[Date "2018.03.17"]
[Round "10.3"]
[White "Vrtiakova, Anna"]
[Black "Spacek, Oliver"]
[Result "0-1"]
[WhiteElo "2020"]
[BlackElo "2207"]
[PlyCount "58"]
[EventDate "2017.??.??"]
[WhiteTeam "SK Doprastav Bratislava B"]
[BlackTeam "SK Osuske B"]

1. e4 c5 2. Nf3 e6 3. d4 cxd4 4. Nxd4 a6 5. Nc3 b5 6. Bd3 Qb6 7. Be3 Bc5 8.
Nce2 Nf6 9. O-O Ng4 10. c3 Nxe3 11. fxe3 g6 12. b4 Be7 13. Qd2 Nc6 14. a4 bxa4
15. Nxc6 dxc6 16. Rxa4 O-O 17. c4 c5 18. b5 Bb7 19. Nc3 axb5 20. Rxa8 Bxa8 21.
Nxb5 Bc6 22. Qc3 Rd8 23. Ra1 Rd7 24. Rf1 Qd8 25. Bc2 Bg5 26. e5 Rd2 27. Rf2
Rd1+ 28. Rf1 Qd2 29. e4 Be3+ 0-1

[Event "SR 2. liga A 2016/2017"]
[Site "?"]
[Date "2018.03.17"]
[Round "10.3"]
[White "Sefcik, Marek"]
[Black "Gzib, David"]
[Result "1/2-1/2"]
[WhiteElo "2022"]
[BlackElo "1882"]
[PlyCount "46"]
[EventDate "2017.??.??"]
[WhiteTeam "SK Osuske B"]
[BlackTeam "SK Doprastav Bratislava B"]

1. Nf3 c5 2. b3 Nf6 3. Bb2 g6 4. e3 Bg7 5. g4 d6 6. h3 Nc6 7. d3 e5 8. c4 h5 9.
g5 Ng8 10. Nc3 Nge7 11. e4 Nd4 12. Nxd4 exd4 13. Nb1 Nc6 14. Bc1 O-O 15. f4 f5
16. Nd2 Qe7 17. Qf3 fxe4 18. Nxe4 Bf5 19. Bg2 Rae8 20. Kd1 Qd7 21. Re1 Re7 22.
Bd2 Re6 23. Qf1 Rfe8 1/2-1/2

[Event "SR 2. liga A 2016/2017"]
[Site "?"]
[Date "2018.03.17"]
[Round "10.3"]
[White "Novak, Stanislav"]
[Black "Ocko, Martin"]
[Result "1-0"]
[WhiteElo "1939"]
[BlackElo "2007"]
[PlyCount "97"]
[EventDate "2017.??.??"]
[WhiteTeam "SK Doprastav Bratislava B"]
[BlackTeam "SK Osuske B"]

1. e4 c5 2. Nf3 Nc6 3. d4 cxd4 4. Nxd4 g6 5. Nc3 Bg7 6. Be3 Nf6 7. Be2 O-O 8.
O-O d5 9. exd5 Nxd5 10. Nxd5 Qxd5 11. Bf3 Qd7 12. Nxc6 bxc6 13. Qxd7 Bxd7 14.
Rad1 Bf5 15. b3 a5 16. c4 Rfc8 17. Bc5 Bf6 18. Rfe1 Be6 19. Re3 a4 20. h3 Bg5
21. Ree1 Rab8 22. Rb1 Bf5 23. Be4 Bxe4 24. Rxe4 f5 25. Rd4 axb3 26. axb3 Rd8
27. Rxd8+ Rxd8 28. b4 Kf7 29. b5 cxb5 30. cxb5 Rd7 31. b6 Bf4 32. g3 Bb8 33.
Ra1 Ke6 34. Re1+ Kd5 35. Rxe7 Rxe7 36. Bxe7 Kc6 37. Bd8 Kd7 38. Bg5 Kc6 39. Be3
g5 40. Bxg5 Kxb6 41. Kg2 Kc6 42. Kf3 Kd5 43. g4 Ke6 44. Bf4 Ba7 45. Bg3 Kf6 46.
Kg2 fxg4 47. hxg4 Bxf2 48. Kxf2 h5 49. Bh4+ 1-0

[Event "SR 2. liga A 2016/2017"]
[Site "?"]
[Date "2018.03.17"]
[Round "10.4"]
[White "Straka, Jozef"]
[Black "Sahidi, Samir"]
[Result "1-0"]
[WhiteElo "2293"]
[BlackElo "2259"]
[PlyCount "85"]
[EventDate "2017.??.??"]
[WhiteTeam "SK Nafta Gbely"]
[BlackTeam "SK Doprastav Bratislava A"]

1. c4 c5 2. Nc3 Nf6 3. e4 Nc6 4. d3 e6 5. Nf3 d6 6. Be2 Be7 7. O-O Bd7 8. h3
O-O 9. a3 Rb8 10. b4 Nd4 11. Be3 Nxe2+ 12. Qxe2 Qc7 13. Rfc1 b6 14. d4 cxd4 15.
Bxd4 Rfc8 16. e5 Ne8 17. exd6 Bxd6 18. Ne5 Rb7 19. Nxd7 Qxd7 20. Rd1 Qc6 21.
Ne4 Be7 22. c5 b5 23. Be5 a6 24. Rd3 Rd7 25. Rxd7 Qxd7 26. Rd1 Qc6 27. Rd3 f6
28. Bd6 Bd8 29. Ng3 Nc7 30. Nh5 Qe8 31. Rg3 g6 32. Nf4 e5 33. Bxc7 Rxc7 34. Rd3
Re7 35. Qd1 exf4 36. Rxd8 Re1+ 37. Kh2 Rxd1 38. Rxe8+ Kf7 39. Ra8 f3 40. gxf3
Rd3 41. Ra7+ Ke6 42. Rxa6+ Kd5 43. Rd6+ 1-0

[Event "SR 2. liga A 2016/2017"]
[Site "?"]
[Date "2018.03.17"]
[Round "10.4"]
[White "Komora, Andrej"]
[Black "Matejovic, Juraj"]
[Result "1/2-1/2"]
[WhiteElo "2287"]
[BlackElo "2235"]
[PlyCount "20"]
[EventDate "2017.??.??"]
[WhiteTeam "SK Doprastav Bratislava A"]
[BlackTeam "SK Nafta Gbely"]

1. f4 d5 2. Nf3 Nf6 3. g3 g6 4. Bg2 Bg7 5. O-O O-O 6. d3 c6 7. h3 Qb6+ 8. Kh2
Nbd7 9. Nbd2 Qc7 10. d4 c5 1/2-1/2

[Event "SR 2. liga A 2016/2017"]
[Site "?"]
[Date "2018.03.17"]
[Round "10.4"]
[White "Danada, Tomas"]
[Black "Kleman, Miroslav"]
[Result "1/2-1/2"]
[WhiteElo "2272"]
[BlackElo "2258"]
[PlyCount "34"]
[EventDate "2017.??.??"]
[WhiteTeam "SK Nafta Gbely"]
[BlackTeam "SK Doprastav Bratislava A"]

1. d4 Nf6 2. c4 d6 3. Nf3 Nbd7 4. Nc3 e5 5. e4 c6 6. Be2 a6 7. O-O b5 8. a3 Bb7
9. Qc2 Be7 10. Rd1 Qb8 11. h3 O-O 12. Be3 Re8 13. b4 Bf8 14. dxe5 Nxe5 15. Nxe5
dxe5 16. Rab1 Qc7 17. a4 a5 1/2-1/2

[Event "SR 2. liga A 2016/2017"]
[Site "?"]
[Date "2018.03.17"]
[Round "10.4"]
[White "Polacik, Igor"]
[Black "Pribila, Gerhard"]
[Result "1/2-1/2"]
[WhiteElo "2177"]
[BlackElo "2137"]
[PlyCount "22"]
[EventDate "2017.??.??"]
[WhiteTeam "SK Doprastav Bratislava A"]
[BlackTeam "SK Nafta Gbely"]

1. e4 c5 2. Nf3 e6 3. b3 b6 4. Bb2 Bb7 5. Qe2 Nf6 6. e5 Nd5 7. g3 Be7 8. Bg2
O-O 9. O-O Nc6 10. c4 Ndb4 11. d3 d6 1/2-1/2

[Event "SR 2. liga A 2016/2017"]
[Site "?"]
[Date "2018.03.17"]
[Round "10.4"]
[White "Travnicek, Petr"]
[Black "Petrik, Stanislav"]
[Result "0-1"]
[WhiteElo "2140"]
[BlackElo "2130"]
[PlyCount "72"]
[EventDate "2017.??.??"]
[WhiteTeam "SK Nafta Gbely"]
[BlackTeam "SK Doprastav Bratislava A"]

1. d4 Nf6 2. c4 e6 3. Nc3 Bb4 4. e3 c5 5. Nf3 Nc6 6. Be2 O-O 7. O-O Bxc3 8.
bxc3 d6 9. Qc2 e5 10. d5 Na5 11. Nd2 g6 12. e4 Kg7 13. Nb3 Re8 14. Be3 h6 15.
Nd2 Qe7 16. Rae1 g5 17. Kh1 Rg8 18. Rg1 Kh7 19. Rgf1 Bd7 20. f4 gxf4 21. Bxf4
exf4 22. e5+ Kh8 23. exf6 Qxf6 24. Ne4 Qg6 25. Bd3 f5 26. Rxf4 fxe4 27. Bxe4
Qg7 28. Rh4 Qg5 29. g3 Rae8 30. Rf1 Rgf8 31. Rxf8+ Rxf8 32. Qe2 Nxc4 33. Rf4
Rxf4 34. gxf4 Qxf4 35. Qxc4 Bf5 36. Bd3 Qf3+ 0-1

[Event "SR 2. liga A 2016/2017"]
[Site "?"]
[Date "2018.03.17"]
[Round "10.4"]
[White "Orosi, Peter"]
[Black "Brunovsky, Peter"]
[Result "1-0"]
[WhiteElo "2065"]
[BlackElo "1835"]
[PlyCount "73"]
[EventDate "2017.??.??"]
[WhiteTeam "SK Doprastav Bratislava A"]
[BlackTeam "SK Nafta Gbely"]

1. d4 Nf6 2. c4 c5 3. Nf3 g6 4. g3 Bg7 5. Bg2 O-O 6. Nc3 Na6 7. O-O d6 8. b3
Bd7 9. Bb2 Qc8 10. Qd2 Bh3 11. Rfe1 Bxg2 12. Kxg2 cxd4 13. Nxd4 b6 14. Rad1
Qb7+ 15. e4 Nc5 16. f3 Rad8 17. Nd5 Rfe8 18. Nb5 Nxd5 19. exd5 a6 20. Nd4 Qc7
21. Nc6 Rd7 22. Bxg7 Kxg7 23. Qc3+ Kg8 24. f4 Nb7 25. Re3 Nd8 26. Nxd8 Rexd8
27. Rde1 Rb8 28. f5 f6 29. fxg6 hxg6 30. Re6 Rf8 31. Qe3 Rf7 32. Qh6 Rg7 33.
R1e4 Kf7 34. Rh4 Qc8 35. Qe3 Qc5 36. Rxf6+ exf6 37. Qe6+ 1-0

[Event "SR 2. liga A 2016/2017"]
[Site "?"]
[Date "2018.03.17"]
[Round "10.4"]
[White "Kubis, Ivan"]
[Black "Krajnak, Robert"]
[Result "0-1"]
[WhiteElo "1932"]
[BlackElo "1996"]
[PlyCount "72"]
[EventDate "2017.??.??"]
[WhiteTeam "SK Nafta Gbely"]
[BlackTeam "SK Doprastav Bratislava A"]

1. e4 c5 2. Nf3 e6 3. d4 cxd4 4. Nxd4 Nc6 5. Nxc6 bxc6 6. c4 Nf6 7. Bd3 d5 8.
cxd5 cxd5 9. e5 Nd7 10. f4 Bc5 11. Nc3 O-O 12. Na4 Qa5+ 13. Bd2 Bb4 14. Nc3 Nc5
15. Bc2 d4 16. Nb1 d3 17. Bb3 Ne4 18. Bxb4 Qxb4+ 19. Nd2 Rb8 20. Rc1 Ba6 21.
Rf1 Rfc8 22. Rf3 Rxc1 23. Qxc1 Rc8 24. Qd1 Nc5 25. a3 Qd4 26. Ba2 Qxb2 27. Bb1
Qxa3 28. f5 Qb2 29. fxe6 Qxe5+ 30. Kf2 Qxe6 31. Re3 Qf6+ 32. Nf3 Rd8 33. Qd2 h6
34. Ba2 Rb8 35. Kg1 Rb2 36. Qa5 Qb6 0-1

[Event "SR 2. liga A 2016/2017"]
[Site "?"]
[Date "2018.03.17"]
[Round "10.4"]
[White "Stanko, Ivan"]
[Black "Valla, Tomas"]
[Result "0-1"]
[WhiteElo "1910"]
[BlackElo "1846"]
[PlyCount "34"]
[EventDate "2017.??.??"]
[WhiteTeam "SK Doprastav Bratislava A"]
[BlackTeam "SK Nafta Gbely"]

1. e4 c5 2. c3 d5 3. exd5 Qxd5 4. d4 Nf6 5. Nf3 Nbd7 6. c4 Qd6 7. Nc3 a6 8. d5
Ne5 9. Be2 e6 10. O-O Be7 11. Re1 Ng6 12. Ng5 exd5 13. cxd5 Bf5 14. Bf3 O-O 15.
Nge4 Nxe4 16. Bxe4 Qd7 17. Qh5 Bg4 0-1

[Event "SR 2. liga A 2016/2017"]
[Site "?"]
[Date "2018.03.17"]
[Round "10.5"]
[White "Kolcak, Marek"]
[Black "Biro, Karol"]
[Result "1/2-1/2"]
[WhiteElo "2169"]
[BlackElo "2059"]
[PlyCount "59"]
[EventDate "2017.??.??"]
[WhiteTeam "SK Slovan Bratislava D"]
[BlackTeam "SK Krasnany"]

1. e4 d5 2. exd5 Nf6 3. d4 Nxd5 4. c4 Nf6 5. Nf3 Bf5 6. Be2 e6 7. O-O Be7 8.
Nc3 O-O 9. Nh4 Bg6 10. Nxg6 hxg6 11. Bf3 Nc6 12. d5 exd5 13. Nxd5 Nxd5 14. Bxd5
Bf6 15. Be3 Bxb2 16. Rb1 Bf6 17. Rxb7 Na5 18. Rxa7 Rxa7 19. Bxa7 c6 20. Bf3 Qe7
21. Bd4 Nxc4 22. Re1 Qd6 23. Bxf6 Qxf6 24. Qe2 Nb6 25. Qa6 Qc3 26. Rd1 Nd5 27.
Bxd5 cxd5 28. Qd3 Qxd3 29. Rxd3 Ra8 30. Rxd5 1/2-1/2

[Event "SR 2. liga A 2016/2017"]
[Site "?"]
[Date "2018.03.17"]
[Round "10.5"]
[White "Janos, Ivan"]
[Black "Tepper, Frantisek"]
[Result "1-0"]
[WhiteElo "2096"]
[BlackElo "2047"]
[PlyCount "69"]
[EventDate "2017.??.??"]
[WhiteTeam "SK Krasnany"]
[BlackTeam "SK Slovan Bratislava D"]

1. e4 e5 2. Nf3 Nf6 3. Nxe5 d6 4. Nf3 Nxe4 5. Nc3 Nxc3 6. dxc3 Be7 7. Be3 Nc6
8. Qd2 Bf5 9. O-O-O a6 10. Bc4 O-O 11. h4 Ne5 12. Nxe5 dxe5 13. Qe2 Qc8 {(=)}
14. h5 Be6 15. h6 g6 16. Kb1 b5 17. Bc5 Bd6 18. Bxd6 cxd6 19. Bd5 Ra7 20. Qf3
Qd8 21. Qe3 Re7 22. Rd2 Qc7 23. Rhd1 Bxd5 24. Rxd5 Re6 25. Qd2 Rd8 26. g4 f6
27. f4 exf4 28. Qxf4 Qe7 29. b3 Re1 30. Rxe1 Qxe1+ 31. Kb2 Qe7 32. Qd4 g5 33.
c4 bxc4 34. Qxc4 Qe6 35. Rxg5+ 1-0

[Event "SR 2. liga A 2016/2017"]
[Site "?"]
[Date "2018.03.17"]
[Round "10.5"]
[White "Mikulas, Dusan"]
[Black "Mandak, Miroslav"]
[Result "1-0"]
[WhiteElo "2039"]
[BlackElo "1962"]
[PlyCount "129"]
[EventDate "2017.??.??"]
[WhiteTeam "SK Slovan Bratislava D"]
[BlackTeam "SK Krasnany"]

1. e4 c6 2. d4 d5 3. Nc3 g6 4. e5 Bg7 5. Nce2 f6 6. f4 Bg4 7. h3 Bxe2 8. Bxe2
Nh6 9. Be3 Na6 10. Qd2 Nc7 11. g4 Nf7 12. Nf3 Qd7 13. Qa5 b6 14. Qa3 fxe5 15.
fxe5 O-O 16. Qd3 Ne6 17. O-O-O Rfd8 18. h4 c5 19. c3 Rac8 20. Kb1 Qa4 21. g5 c4
22. Qd2 b5 23. h5 b4 24. hxg6 hxg6 25. Nh4 bxc3 26. bxc3 Qa3 27. Qc2 Rb8+ 28.
Ka1 Rb6 29. Bc1 Qa5 30. Nxg6 Rdb8 31. Nxe7+ Kf8 32. Ng6+ Kg8 33. Ne7+ Kf8 34.
Ng6+ Kg8 35. Bd2 Qa3 36. Rb1 Nexg5 37. Nf4 Ne4 38. Nxd5 Rxb1+ 39. Rxb1 Rxb1+
40. Kxb1 Nxd2+ 41. Qxd2 Qa4 42. Qb2 Qa6 43. Ne3 Qg6+ 44. Qc2 Qb6+ 45. Ka1 Nxe5
46. Nxc4 Nxc4 47. Bxc4+ Kf8 48. Qf5+ Bf6 49. Qe6 Qxe6 50. Bxe6 Ke7 51. Bb3 Kd6
52. Kb2 Kc6 53. Kc2 Be7 54. a4 Bf6 55. Kd3 Be7 56. c4 Bb4 57. c5 Be1 58. Kc4 a6
59. Bd1 Bd2 60. Bf3+ Kc7 61. d5 Be3 62. d6+ Kc8 63. Kd5 a5 64. c6 Bf4 65. Bg4+
1-0

[Event "SR 2. liga A 2016/2017"]
[Site "?"]
[Date "2018.03.17"]
[Round "10.5"]
[White "Kebis, Milos"]
[Black "Kolman, Richard"]
[Result "1/2-1/2"]
[WhiteElo "1819"]
[BlackElo "1991"]
[PlyCount "50"]
[EventDate "2017.??.??"]
[WhiteTeam "SK Krasnany"]
[BlackTeam "SK Slovan Bratislava D"]

1. c4 c5 2. Nf3 Nf6 3. Nc3 Nc6 4. d4 cxd4 5. Nxd4 e6 6. e3 Bb4 7. Qc2 O-O 8. a3
Bxc3+ 9. Qxc3 d5 10. Be2 Re8 11. O-O e5 12. Nxc6 bxc6 13. Rd1 Qb6 14. b4 Bb7
15. c5 Qc7 16. Bb2 Rad8 17. Qc2 Nd7 18. Rac1 e4 19. a4 Ne5 20. Bd4 a6 21. Qb2
f6 22. b5 axb5 23. axb5 cxb5 24. c6 Nxc6 25. Bxb5 Qd6 1/2-1/2

[Event "SR 2. liga A 2016/2017"]
[Site "?"]
[Date "2018.03.17"]
[Round "10.5"]
[White "Hudec, Jan"]
[Black "Mikudik, Ivan"]
[Result "0-1"]
[WhiteElo "1954"]
[BlackElo "1903"]
[PlyCount "96"]
[EventDate "2017.??.??"]
[WhiteTeam "SK Slovan Bratislava D"]
[BlackTeam "SK Krasnany"]

1. d4 Nf6 2. c4 e6 3. Nc3 Bb4 4. e3 O-O 5. Bd3 b6 6. Nf3 Bb7 7. O-O d5 8. Ne5
c5 9. cxd5 exd5 10. Qf3 Nc6 11. Rd1 Re8 12. Qg3 Nxe5 13. dxe5 Nh5 14. Qg4 Rxe5
15. f4 Nf6 16. Qh3 Re7 17. Ne2 Qe8 18. a3 Ba5 19. Ng3 d4 20. Nf5 Re6 21. b4
cxb4 22. Nxd4 Rd6 23. a4 b3 24. Nxb3 Bc3 25. Rb1 Rad8 26. Nd4 Bc8 27. f5 Bxd4
28. exd4 Qxa4 29. Bb2 Bb7 30. Bc3 Nd5 31. Bb5 Qa3 32. Bb2 Qxh3 33. gxh3 Ne3 34.
Rdc1 Be4 35. Ra1 Nxf5 36. Rxa7 Nxd4 37. Bxd4 Rxd4 38. Rac7 g6 39. Ra7 Rd1+ 40.
Rxd1 Rxd1+ 41. Kf2 Rd6 42. Ke3 Bf5 43. h4 Kg7 44. Kf4 Rd4+ 45. Kg3 Rg4+ 46. Kf3
Rxh4 47. Rb7 Be4+ 48. Kg3 Bxb7 0-1

[Event "SR 2. liga A 2016/2017"]
[Site "?"]
[Date "2018.03.17"]
[Round "10.6"]
[White "Federic, Jozef"]
[Black "Kostolansky, Sebastian Lukas"]
[Result "1-0"]
[WhiteElo "2220"]
[BlackElo "2229"]
[PlyCount "71"]
[EventDate "2017.??.??"]
[WhiteTeam "SK Modra B"]
[BlackTeam "SK Slovan Bratislava E"]

1. d4 Nf6 2. Nf3 e6 3. g3 d5 4. Bg2 Bd6 5. O-O O-O 6. c4 c6 7. Nc3 Nbd7 8. Qd3
Qe7 9. e4 dxc4 10. Qxc4 e5 11. dxe5 Nxe5 12. Nxe5 Bxe5 13. Be3 Be6 14. Qe2 Rfe8
15. h3 Rad8 16. Rfd1 b5 17. Qc2 Rxd1+ 18. Nxd1 Qd7 19. f4 Bd4 20. Kh2 c5 21.
Bxd4 Qxd4 22. Nf2 c4 23. Rd1 Qe3 24. Qd2 Qxd2 25. Rxd2 Kf8 26. e5 Ng8 27. Bc6
Rb8 28. Ne4 g6 29. Ng5 Ne7 30. Be4 h6 31. Nxe6+ fxe6 32. Rd6 Kf7 33. Rd7 a5 34.
Kg1 Ke8 35. Rd6 b4 36. Bc2 1-0

[Event "SR 2. liga A 2016/2017"]
[Site "?"]
[Date "2018.03.17"]
[Round "10.6"]
[White "Jancovic, Peter"]
[Black "Banas, Kamil"]
[Result "1/2-1/2"]
[WhiteElo "2278"]
[BlackElo "2242"]
[PlyCount "72"]
[EventDate "2017.??.??"]
[WhiteTeam "SK Slovan Bratislava E"]
[BlackTeam "SK Modra B"]

1. d4 d5 2. c4 e6 3. Nc3 c6 4. e3 Nf6 5. Nf3 Nbd7 6. Be2 dxc4 7. Bxc4 b5 8. Bd3
Bb7 9. e4 b4 10. e5 bxc3 11. exf6 cxb2 12. fxg7 Bxg7 13. Bxb2 c5 14. O-O Rb8
15. Rb1 Bd5 16. Qe2 Bxa2 17. d5 Bxb2 18. dxe6 Bxb1 19. exd7+ Kf8 20. Rxb1 Bf6
21. Rxb8 Qxb8 22. Nd2 Qf4 23. g3 Qd4 24. Ne4 Bd8 25. Bc4 Qxd7 26. Qh5 h6 27.
Nxc5 Qe7 28. Qf5 Kg7 29. h4 Re8 30. Bd3 Qe1+ 31. Kg2 Qc3 32. Qh7+ Kf8 33. Nd7+
Ke7 34. Qe4+ Kxd7 35. Bb5+ Kc7 36. Qxe8 Qf6 1/2-1/2

[Event "SR 2. liga A 2016/2017"]
[Site "?"]
[Date "2018.03.17"]
[Round "10.6"]
[White "Dugovic, Branislav"]
[Black "Privara, Igor"]
[Result "1/2-1/2"]
[WhiteElo "2178"]
[BlackElo "2210"]
[PlyCount "84"]
[EventDate "2017.??.??"]
[WhiteTeam "SK Modra B"]
[BlackTeam "SK Slovan Bratislava E"]

1. Nf3 d5 2. b3 Nf6 3. Bb2 c5 4. e3 e6 5. d4 Nc6 6. Nbd2 Be7 7. a3 O-O 8. Bd3
Nd7 9. Ne5 Ndxe5 10. dxe5 f6 11. Qh5 f5 12. O-O Qc7 13. f4 a5 14. c4 d4 15. e4
g6 16. Qe2 a4 17. bxa4 Rxa4 18. Qd1 Ra7 19. Qc2 Bd7 20. Rf3 Nd8 21. Raf1 Ba4
22. Qb1 Qa5 23. R1f2 b5 24. Re2 Rb7 25. Qc1 b4 26. Nf1 Nc6 27. exf5 gxf5 28. g4
bxa3 29. Bxa3 Rb3 30. gxf5 exf5 31. Rg2+ Kh8 32. Rfg3 Bh4 33. Rh3 Nb4 34. Bxb4
Qxb4 35. Qd1 Rb2 36. Qh5 Rxg2+ 37. Kxg2 Bc6+ 38. Kg1 Rg8+ 39. Rg3 Bxg3 40. hxg3
Qe1 41. Qh4 Be4 42. Qf6+ Rg7 1/2-1/2

[Event "SR 2. liga A 2016/2017"]
[Site "?"]
[Date "2018.03.17"]
[Round "10.6"]
[White "Nestorenko, Dmitry"]
[Black "Mydlarik, Martin"]
[Result "1-0"]
[WhiteElo "2228"]
[BlackElo "2113"]
[PlyCount "73"]
[EventDate "2017.??.??"]
[WhiteTeam "SK Slovan Bratislava E"]
[BlackTeam "SK Modra B"]

1. e4 d5 2. exd5 Qxd5 3. Nc3 Qa5 4. Bc4 Nf6 5. d3 c6 6. Nge2 e5 7. Ng3 Bg4 8.
f3 Bc8 9. Bd2 Qc7 10. Qe2 Be7 11. O-O-O b5 12. Bb3 a5 13. a4 bxa4 14. Nxa4 O-O
15. Rde1 Bd6 16. Ne4 Nxe4 17. fxe4 Be6 18. Bxe6 fxe6 19. Rhf1 Nd7 20. Qg4 Rae8
21. Rxf8+ Nxf8 22. Rf1 Bb4 23. Be3 Qe7 24. h4 Rb8 25. h5 Ba3 26. Kd1 Bd6 27.
Nb6 h6 28. Nc4 Bc5 29. Bxh6 Kh7 30. Bd2 Nd7 31. Qg6+ Kg8 32. h6 Nf8 33. Qg3 a4
34. Nxe5 Bd6 35. Nxc6 Bxg3 36. Nxe7+ Kh7 37. Rf7 1-0